00457nam a22001577a 450000500170000002000270001703700080004408200120005210000170006424500470008125000130012826000360014127000320017730000390020950000510024820100914120943.0 a97807360118460c980.00 bUBH a613.711 aChu, Donald  aJumping into plyometrics /cby Donald Chu  a2nd ed.  aChampaignbHuman Kineticsc1998 aP.O. Box, 5076, bChampaign av, 177p. bb&w photos c30cm(pbk)  aIncludes bibliographical references and index